Robledillo de Trujillo : (Record no. 195671)

MARC details
000 -LEADER
campo de control de longitud fija 01431nam a2200337 i 4500
001 - NÚMERO DE CONTROL
campo de control 195671
003 - IDENTIFICADOR DE NÚMERO DE CONTROL
campo de control SpMaBN
005 - FECHA Y HORA DE LA ÚLTIMA TRANSACCIÓN
campo de control 20260216183925.0
008 - DATOS DE LONGITUD FIJA--INFORMACIÓN GENERAL
campo de control de longitud fija 240702s2020 sp a | ||||o000 0 spa
017 ## - NÚMERO DE COPYRIGHT O DE DEPÓSITO LEGAL
Número de copyright o de depósito legal CC 134-2020
Agencia que asigna Oficina Depósito Legal Cáceres
035 ## - NÚMERO DE CONTROL DEL SISTEMA
Número de control de sistema a6710689
040 ## - FUENTE DE CATALOGACIÓN
Centro catalogador/agencia de origen SpMaBN
Lengua de catalogación spa
Centro/agencia transcriptor SpMaBN
Normas de descripción rda
Centro/agencia modificador ES-MaACL
080 ## - NÚMERO DE LA CLASIFICACIÓN DECIMAL UNIVERSAL
Número de la Clasificación Decimal Universal 7.034.7(460.251 Robledillo de Trujillo)
080 ## - NÚMERO DE LA CLASIFICACIÓN DECIMAL UNIVERSAL
Número de la Clasificación Decimal Universal 94(460.251 Robledillo de Trujillo)
100 1# - ENTRADA PRINCIPAL--NOMBRE DE PERSONA
Nombre de persona Ramos Rubio, José Antonio,
Fechas asociadas al nombre 1963-
Término indicativo de función/relación Autor
9 (RLIN) 174430
245 10 - MENCIÓN DEL TÍTULO
Título Robledillo de Trujillo :
Resto del título historia y arte /
Mención de responsabilidad, etc. José Antonio Ramos Rubio, cronista oficial de Trujillo.
264 #1 - PRODUCCIÓN, PUBLICACIÓN, DISTRIBUCIÓN, FABRICACIÓN Y COPYRIGHT
Producción, publicación, distribución, fabricación y copyright [Cáceres] :
Nombre del de productor, editor, distribuidor, fabricante Diputación de Cáceres,
Fecha de producción, publicación, distribución, fabricación o copyright [2020]
300 ## - DESCRIPCIÓN FÍSICA
Extensión 204 páginas :
Otras características físicas fotografías (blanco y negro y color) ;
Dimensiones 23 cm
336 ## - TIPO DE CONTENIDO
Término de tipo de contenido Texto
Fuente rdacontent
337 ## - TIPO DE MEDIO
Nombre/término del tipo de medio sin mediación
Fuente rdamedia
338 ## - TIPO DE SOPORTE
Nombre/término del tipo de soporte volumen
Fuente rdacarrier
504 ## - NOTA DE BIBLIOGRAFÍA, ETC.
Nota de bibliografía, etc. Bibliografía: páginas 153-172
650 #0 - PUNTO DE ACCESO ADICIONAL DE MATERIA--TÉRMINO DE MATERIA
Término de materia o nombre geográfico como elemento de entrada Arte barroco-
Subdivisión geográfica Robledillo de Trujillo (Cáceres)
9 (RLIN) 237329
651 #0 - PUNTO DE ACCESO ADICIONAL DE MATERIA--NOMBRE GEOGRÁFICO
Nombre geográfico Robledillo de Trujillo-
Subdivisión general Historia
9 (RLIN) 237330
852 ## - LOCALIZACIÓN
Ubicación ES-MaACL
Sublocalización o colección R.152994
Ubicación en estantería Depósito J
Número de control de estantería N 8682
Donativo/Legado Donación: José Antonio Ramos Rubio
Encuadernación Encuadernación rústica con solapas
itemnumber 204198
903 ## - NOMBRE PERSONAL DE DONANTE
a Ramos Rubio, José Antonio,
d 1963-
e Donante
9 174430
942 ## - ELEMENTOS DE ENTRADA SECUNDARIOS (KOHA)
Tipo de ítem Koha Libro impreso
Suprimir en OPAC No
Holdings
Estatus retirado Estado de pérdida Fuente del sistema de clasificación o colocación Estado de daño No para préstamo Biblioteca de origen Biblioteca actual Ubicación en estantería Fecha de adquisición Fuente de adquisición Total de préstamos Signatura topográfica completa Código de barras Visto por última vez Precio de reemplazo Tipo de ítem Koha
    Clasificación decimal universal     Biblioteca del Ateneo de Madrid Biblioteca del Ateneo de Madrid Depósito J 01/10/2024 Donación   N-8682 101229021 01/10/2024 01/10/2024 Libro impreso